| 000 | 00495nam a22001577a 4500 | ||
|---|---|---|---|
| 020 | _qHard Cover. | ||
| 082 | _a621.39 | ||
| 100 | _a Ikram, Aqdas | ||
| 245 |
_aRule - Base Expert System for Earthquake Prediction / _cAqdas Ikram |
||
| 260 |
_aIslamabad : _bCEME - NUST, _c2013. |
||
| 300 |
_axxiii, 127 p. : ill. ; _c30cm. |
||
| 650 |
_aComputer Engineering-MS-Thesis _916083 |
||
| 700 |
_aDr. Usman Qamar. _918579 |
||
| 942 |
_2ddc _cTHE |
||
| 999 |
_c540385 _d540385 |
||